UBT Library

The demographic struggle for power : (Record no. 146)

000 -LEADER
fixed length control field 01004cam a2200277 a 4500
005 - DATE AND TIME OF LATEST TRANSACTION
control field 20131021082027.0
008 - FIXED-LENGTH DATA ELEMENTS--GENERAL INFORMATION
fixed length control field 960916s1997 enka b 001 0 eng
020 ## - INTERNATIONAL STANDARD BOOK NUMBER
International Standard Book Number 0714647322
020 ## - INTERNATIONAL STANDARD BOOK NUMBER
International Standard Book Number 0714642827
041 0# - LANGUAGE CODE
Language code of text/sound track or separate title eng
080 ## - UNIVERSAL DECIMAL CLASSIFICATION NUMBER
Universal Decimal Classification number 323.1 BOO
100 1# - Rafti
Rafti Bookman, Milica Zarkovic.
245 14 - TITLE STATEMENT
Title The demographic struggle for power :
Statement of responsibility, etc Milica Zarkovic Bookman.
260 ## -
-- London ;
-- Portland, OR :
-- Frank Cass,
-- 1997.
300 ## -
-- 273 p. :
-- me il. ;
-- 24 cm.
504 ## - BIBLIOGRAPHY, ETC. NOTE
Bibliography, etc Includes bibliographical references (p. [259]-264) and index.
650 #0 -
-- Grupet etnike
-- Aktivitete politike
650 #0 -
-- Marrëdhënie etnike
-- Aspekte politike
650 #0 -
-- Migracioni
650 #0 -
-- Transferi i popullit
650 #0 -
-- Politika e popullit
650 #0 -
-- Politika botërore
650 #0 -
-- Demokracia
856 42 -
-- Publisher description
-- http://www.loc.gov/catdir/enhancements/fy0652/96038905-d.html
942 ## - ADDED ENTRY ELEMENTS (KOHA)
Source of classification or shelving scheme
Item type Books
Holdings
Withdrawn status Lost status Source of classification or shelving scheme Damaged status Not for loan Collection code Permanent location Current location Shelving location Date acquired Total Checkouts Full call number Barcode Date last seen Price effective from Koha item type
          Koleksioni i përgjithshem UBT - Prishtine UBT - Prishtine Koleksioni i përgjithshem 10/21/2013   323.1 BOO 001-000162 10/21/2013 10/21/2013 Books
UBT Library © 2015-2024. All rights reserved University Education for Business and Technology